000 00883nam a2200253Ia 4500
003 OSt
005 20220923211211.0
006 a|||||r|||| 00| 0
007 ta
008 Pun
020 _a9788123769462 (pbk)
_c510
024 _a280,689
037 _b804, 09/03/2014, H.K. Prakashan
_cTextual
040 _aARTS
_cARTS
_bPun
041 _2Pun
_aPun
082 _aO153,3N43x, Q3
100 _aਸਿੰਘ, ਬਲਦੇਵ, ਥਦ.
_9159531
245 0 _aਜਸਵੰਤ ਸਿੰਘ ਵਿਰਦੀ ਦੀਆਂ ਚੋਣਵੀਆਂ ਕਹਾਣੀਆਂ
260 _aਦਿੱਲੀ
_b ਨੈFਨਲ ਬੁੱਕ ਟਰੱਸਟ
_c2013
300 _a490ਪੰ
_ccm.
650 _aਪੰਜਾਬੀ ਸਾਹਿਤ
942 _hO153,3N43x, Q3
_cTEXL
_2CC
999 _c296748
_d296748